000 00263nam a2200109Ia 4500
008 190216s9999||||xx |||||||||||||| ||und||
100 _aGupta S P&Amp; Gupta M P
245 0 _aBusiness Statistics
260 _bWiley Eastern Ltd
_c1986
300 _a712p
942 _cBK
999 _c3995
_d3995